000 00595nam a2200181Ia 4500
003 GCL
008 140319s9999 xx 000 0 ara d
040 _aGCL /
_cGCL
082 0 4 _a005.3
_bو ب
100 1 _aويمبين، فيثى
245 1 0 _aباور بوينت 2003 /
_cويمبين، فيثى
260 _aالقاهرة :
_bدار الفاروق للنشر والتوزيع ،
_c2004
300 _a936 ص ؛
_c28 سم
650 0 4 _aنظم المعلومات
650 0 4 _aالحاسبات الالكترونية - برامج
650 0 4 _aباور بوينت 2003
942 _2ddc
_cBK
999 _c7235
_d7235